Margot Robbie Movies! - Statistics

General Stats
  • This quiz has been taken 55 times
    25 since last reset
  • The average score is 10 of 33
Answer Stats
Year Movie % Correct
2023 Barbie
100%
2016 Suicide Squad
86%
2021 The Suicide Squad
86%
2013 The Wolf of Wall Street
76%
2015 Focus
71%
2020 Birds of Prey
62%
2017 I, Tonya
52%
2019 Once Upon a Time... In Hollywood
52%
2022 Amsterdam
48%
2022 Babylon
48%
2019 Bombshell
43%
2015 The Big Short
29%
2016 The Legend of Tarzan
29%
2013 About Time
24%
2022 Asteroid City
24%
2018 Mary Queen of Scots
24%
2018 Peter Rabbit
24%
2018 Terminal
19%
2019 Dreamland
14%
2017 Goodbye, Christopher Robin
14%
2023 Saltburn
14%
2014 Suite Française
14%
2016 Whiskey Tango Foxtrot
14%
2009 I.C.U.
10%
2021 Peter Rabbit 2: The Runaway
10%
2020 Promising Young Woman
10%
TBD Ruin
5%
2018 Slaughterhouse Rulez
5%
TBD Tank Girl
5%
2024 The Family
5%
TBD Untitled Margot Robbie Ocean's Eleven Film
5%
2008 Vigilante
5%
2015 Z For Zackariah
5%
No matching quizzes found
Score Distribution
Percent of People with Each Score
Percentile by Number Answered
Your Score History
You have not taken this quiz since the last reset